00846cam a2200193 4500001000500000005001700005008003900022010001700061020001500078020001700093100002800110245008600138260004900224300003300273505028100306650002000587655001900607655002600626388720181127172143.0070518r20072005nyua 000 1 eng a 2007020901 a0312949227 a9780312492281 aArcher, Jeffrey,d1940-10aCat o'nine tales and other stories /cJeffrey Archer ; drawings by Ronald Searle. aNew York :bSt. Martin's Paperbacks, c2008. aix, 341 p. :bill. ;c18 cm.0 aThe man who robbed his own post office -- Maestro -- Don't drink the water -- It can't be October already -- The red king -- The wisdom of Solomon -- Know what I mean? -- Charity begins at home -- The alibi -- A Greek tragedy -- The Commissioner -- In the eye of the beholder. 0aFraudvFiction. 0aShort stories. 7aShort stories.2gsafd